000 00828nam a2200205Ii 4500
003 JO-AjNU
008 230605s9999||||xx |||||||||||||| ||und||
017 _a2011/11/4094
040 _aJO-AjNU
_bara
_erda
_cJO-AjNU
041 _aara
050 1 4 _aP90.M87 2011
100 3 _aأبو إصبع ,صالح تحرير/ عبيد الله,محمد تحرير,
_eauthor
_933576
245 0 0 _aثقافة التواصل في الآداب والإعلام والفنون:بحوث علمية محكمة
264 3 1 _aعمان:جامعة فيلادلفيا,2010
300 _a513ص
336 _atext
_btxt
_2rdacontent
337 _aunmediated
_bn
_2rdamedia
338 _avolume
_bnc
_2rdacarrier
650 4 _aالاتصال-ثقافة التواصل- ثقافة التواصل في الاداب والاعلام والفنون
_933577
999 _aA13681
_c17249
_d17249